• 首页
  • 本馆介绍
  • 公告通知
  • 最新文献
  • 馆藏检索
  • 电子资源
  • 读者导购
  • 参考咨询
  • 我的图书馆
  • 登录
  • 详细信息显示
  • 放入我的书架
  • 预约/预借图书
  • 作者相关作品
  • 分类相关作品
  • 丛书相关作品
  • 出版社相关作品

书目信息

  • 表格格式
  • 工作单格式
  • 卡片格式
题名:
鲁迅回忆录正误
    
 
作者: 朱正 著
分册:  
出版信息: 北京   人民文学出版社  1986
页数: 266页
开本: 19cm
丛书名:
单 册:
中图分类: K825.6 , I210.94
科图分类:
主题词: 文学--作品集--中国
电子资源:
ISBN:
000 00691nam0 2200265 45
001 0186011570
005 20040414082900.2
010    @dCNY1.50
091    @a10019.4037
100    @a19900813d1986 kemy0chiy0121 ea
101 0  @achi
102    @aCN@b110000
105    @ay z 000yb
106    @ar
200 10 @a鲁迅回忆录正误@Alu xun hui yi lu zheng wu@f朱正著
210    @a北京@c人民文学出版社@d1986
215    @a266页@d19cm
600  0 @a鲁迅@x生平事迹@x考证
606 0  @a文学@x作品集@x中国
690    @aK825.6@v3
690    @aI210.94
701  0 @a朱正@Azhu zheng@4著
801  0 @aCN@b深圳图书馆@c20040414
801  2 @aCN@bNLC@c20040414
905    @f2@b209502-503@dI210.94@e146
    
    鲁迅回忆录正误/朱正著.-北京:人民文学出版社,1986
    266页;19cm
    
    
    ISBN :CNY1.50
    
●
相关链接 在E读中查询图书 在五车中查询图书 在当当中查询图书 在豆瓣中查询图书


正题名:鲁迅回忆录正误     索取号:I210.94/146         预约/预借

序号 登录号 条形码 馆藏地/架位号 状态 备注
1 0209502   001404689   第二借阅区/ [索取号:I210.94/146] 在馆    
2 0209503   001404698   第二借阅区/ [索取号:I210.94/146] 在馆    
3 0209504   001404705   第一样本阅览室/ [索取号:I210.94/146] 在馆    
唐山师范学院图书馆 欢迎您!
大连网信软件有限公司© 版权所有